| 000 | 01506cam a22003011i 4500 | ||
|---|---|---|---|
| 001 | 581169 | ||
| 003 | EG-ScBUE | ||
| 005 | 20250528090755.0 | ||
| 008 | 900116t1990 njuaf f b 001 0 eng d | ||
| 020 | _a9780691024295 (alk. paper) | ||
| 020 | _a0691024294 (pbk. : alk. paper) | ||
| 040 |
_aEG-ScBUE _beng _erda _cEG-ScBUE _dEG-ScBUE |
||
| 082 | 0 | 4 |
_a530.429 _bCOL _222 |
| 100 | 1 |
_aCollings, Peter J., _d1947- _941949 _eauthor. |
|
| 245 | 1 | 0 |
_aLiquid crystals : _bnature's delicate phase of matter / _cby Peter J. Collings. |
| 264 | 1 |
_aPrinceton, New Jersey : _bPrinceton University Press, _c[1990] |
|
| 264 | 4 | _cc1990 | |
| 300 |
_axiii, 222 pages, [8] pages of plates : _billustrations (some color) ; _c23 cm |
||
| 336 |
_2rdacontent _atext _btxt |
||
| 337 |
_aunmediated _2rdamedia _bn |
||
| 338 |
_avolume _bnc _2rdacarrier |
||
| 504 | _aIncludes bibliographical references and index. | ||
| 520 | _aLiquid crystals are a phase of matter critical both in many recent scientific developments in biology, chemistry, and physics and in applications such as computer displays, electronic books, and new thermometers. This fully illustrated book builds on basic scientific concepts from biology, chemistry, and physics to explore the full range of the broad and interdisciplinary field of liquid crystal science. | ||
| 650 | 7 |
_aLiquid crystals. _2BUEsh _94312 |
|
| 655 | _vReading book | ||
| 856 | 4 | 2 |
_3Publisher description _uhttp://www.loc.gov/catdir/description/prin031/90030758.html |
| 942 |
_2ddc _cBB |
||
| 999 |
_c27021 _d26993 |
||